| 000 | 01630nam a2200265Ia 4500 | ||
|---|---|---|---|
| 999 |
_c56400 _d56400 |
||
| 001 | 23513 | ||
| 003 | GE_BSU | ||
| 005 | 20260213140703.0 | ||
| 008 | 181216s1979||||ge |||||||||||||| ||geo|| | ||
| 040 | _cGE_BSU | ||
| 041 | _ageo | ||
| 080 | _a94(=353.1)(55) შ-25 | ||
| 100 |
_aშარაშენიძე, ზურაბ _926891 |
||
| 245 |
_aფერეიდნელი "გურჯები" / _cზურაბ შარაშენიძე ; რედაქტორი ა. გვახარია ; საქართველოს სსრ მეცნიერებათა აკადემია, გ. წერეთლის სახელობის აღმოსავლეთმცოდნეობის ინსტიტუტი. |
||
| 264 |
_aთბილისი : _bმეცნიერება, _c1979. |
||
| 300 |
_a203 გვ. : _bილ. ; _c20 სმ. |
||
| 500 | _aზოგიერთი სიტყვის განმარტება გვ. 195-201 | ||
| 504 | _aბიბლიოგრაფია : გვ. 202 | ||
| 541 | _h3ლ. | ||
| 653 | _aფერეიდნელი "გურჯები | ||
| 653 | _aფერეიდნელი ქართველები | ||
| 700 |
_aგვახარია, ა. _eრედაქტორი _916202 |
||
| 710 |
_aსაქართველოს სსრ მეცნიერებათა აკადემია _bგ. წერეთლის სახელობის აღმოსავლეთმცოდნეობის ინსტიტუტი _926892 |
||
| 942 |
_cBK _2udc |
||